[Event "Deutsche Ländermeisterschaft 2016"]
[Site "Hannover GER"]
[Date "2016.10.02"]
[Round "3"]
[White "Wachinger, Nikolas"]
[Black "Wagner, Benjamin"]
[Result "1-0"]
[Termination "normal"]
[Board "8.3"]
[WhiteElo "1646"]
[BlackElo "1923"]
[WhiteTeam "Bremen & Friends"]
[BlackTeam "Sachsen-Anhalt"]
[PlyCount "209"]
[WhiteFideId "12962791"]
[BlackFideId "12957330"]
[EventCountry "GER"]
[EventRounds "7"]
[EventType "team-swiss"]
[EventDate "2016.09.30"]

1. e4 e5 2. Nf3 Nc6 3. Bb5 a6 4. Bxc6 dxc6 5. O-O Qf6 6. d4 exd4 7. Bg5 Qd6 8.
Nxd4 Bd7 9. Nc3 Be7 10. Bxe7 Nxe7 11. Nb3 O-O-O 12. Qxd6 cxd6 13. Rad1 Kc7 14.
Rfe1 Ng6 15. Nd4 Rhe8 16. f3 Re7 17. Kf2 Rde8 18. Nce2 Ne5 19. Ng3 g6 20. h3
Nc4 21. b3 Nb6 22. c4 Nc8 23. Re2 b5 24. Rc2 Kb6 25. Rdc1 c5 26. Nde2 Bc6 27.
Nf4 Ra7 28. Nf1 Ne7 29. Ne3 b4 30. Rd2 Kc7 31. Rcd1 Rd8 32. e5 Nc8 33. e6 Kb8
34. exf7 Rxf7 35. Ned5 Re8 36. h4 Kb7 37. Kg3 Bxd5 38. Rxd5 Ne7 39. R5d2 Nf5+
40. Kf2 Nxh4 41. Nh3 Nf5 42. Ng5 Rfe7 43. Ne4 Re6 44. Rxd6 Nxd6 45. Nxd6+ Kc6
46. Nxe8 Rxe8 47. f4 Rf8 48. Ke3 Re8+ 49. Kf3 h5 50. Rd5 Re6 51. Rg5 Rf6 52. g4
hxg4+ 53. Kxg4 Kd6 54. Rd5+ Kc6 55. Kg5 Rf8 56. Re5 Kd6 57. Re4 Rg8 58. Kf6 a5
59. Kf7 Rh8 60. Kxg6 Rg8+ 61. Kf7 Rg2 62. f5 Rxa2 63. f6 Ra3 64. Re3 a4 65. Kg8
Ra1 66. bxa4 b3 67. f7 Rg1+ 68. Kf8 b2 69. Ke8 b1=Q 70. f8=Q+ Kc7 71. Qxc5+ Kb8
72. Qb5+ Qxb5+ 73. axb5 Rg7 74. c5 Rg5 75. Rc3 Kc7 76. b6+ Kc6 77. Rb3 Rg8+ 78.
Kf7 Rb8 79. Rc3 Rh8 80. Kf6 Re8 81. Kf5 Re1 82. Kf4 Re8 83. Kf3 Re7 84. Kf2 Re5
85. Kf1 Re8 86. Kg2 Re7 87. Rc4 Rf7 88. Kg3 Rf5 89. Kg4 Rf8 90. Kg5 Rf7 91. Rf4
Re7 92. Rf5 Re1 93. Kf6 Re2 94. Re5 Rd2 95. Ke7 Rd7+ 96. Ke8 Rd1 97. Re7 Kxc5
98. b7 Rb1 99. Kd8 Kc6 100. Kc8 Rh1 101. Re6+ Kd5 102. Re8 Rc1+ 103. Kd7 Rb1
104. b8=Q Rb4 105. Re5+ 1-0

[Event "Deutsche Ländermeisterschaft 2016"]
[Site "Hannover GER"]
[Date "2016.10.02"]
[Round "3"]
[White "Dietz, Florian"]
[Black "Colbow, Collin"]
[Result "1-0"]
[Termination "normal"]
[Board "8.4"]
[WhiteElo "1821"]
[BlackElo "1909"]
[WhiteTeam "Sachsen-Anhalt"]
[BlackTeam "Bremen & Friends"]
[PlyCount "59"]
[WhiteFideId "12939897"]
[BlackFideId "16201132"]
[EventCountry "GER"]
[EventRounds "7"]
[EventType "team-swiss"]
[EventDate "2016.09.30"]

1. e4 e5 2. Nf3 Nc6 3. Bc4 Bc5 4. c3 Nf6 5. d3 O-O 6. O-O d5 7. exd5 Nxd5 8.
Re1 Bg4 9. h3 Bh5 10. Nbd2 Kh8 11. Ne4 Bb6 12. Ng3 Bg6 13. Nxe5 Nxe5 14. Rxe5
c6 15. d4 Bc7 16. Re1 Qd7 17. Qf3 Rae8 18. Bd2 b5 19. Bb3 f5 20. Bxd5 cxd5 21.
Bf4 Bb6 22. Be5 Re7 23. Qf4 Ref7 24. Re2 Re8 25. Rae1 Rfe7 26. h4 Rf8 27. h5
Be8 28. h6 Kg8 29. hxg7 Rff7 30. Nh5 1-0

[Event "Deutsche Ländermeisterschaft 2016"]
[Site "Hannover GER"]
[Date "2016.10.02"]
[Round "3"]
[White "Petri, Ben-Luca"]
[Black "Hundrieser, Malte"]
[Result "0-1"]
[Termination "normal"]
[Board "8.5"]
[WhiteElo "1719"]
[BlackElo "1787"]
[WhiteTeam "Bremen & Friends"]
[BlackTeam "Sachsen-Anhalt"]
[PlyCount "66"]
[WhiteFideId "12947261"]
[BlackFideId "12997153"]
[EventCountry "GER"]
[EventRounds "7"]
[EventType "team-swiss"]
[EventDate "2016.09.30"]

1. e4 c5 2. Nf3 d6 3. Bb5+ Bd7 4. Bxd7+ Qxd7 5. O-O Nf6 6. Re1 g6 7. c4 Bg7 8.
d4 cxd4 9. Nxd4 O-O 10. Nc3 Nc6 11. Be3 Rac8 12. b3 a6 13. Rc1 Nxd4 14. Bxd4 b5
15. cxb5 axb5 16. Qd3 Rb8 17. Re2 Rfc8 18. Rec2 Qb7 19. f3 Nd7 20. Bxg7 Kxg7
21. Qd4+ Kg8 22. Nd5 Rxc2 23. Rxc2 Nc5 24. e5 Ne6 25. Qe4 dxe5 26. Qxe5 Rd8 27.
Rd2 Rc8 28. Qe3 Rc5 29. Nf4 Rc1+ 30. Kf2 Nxf4 31. Qxf4 Qb6+ 32. Qe3 Rf1+ 33.
Ke2 Re1+ 0-1

[Event "Deutsche Ländermeisterschaft 2016"]
[Site "Hannover GER"]
[Date "2016.10.02"]
[Round "3"]
[White "Dietz, Kristin"]
[Black "Silber, Stefanie"]
[Result "0-1"]
[Termination "normal"]
[Board "8.6"]
[WhiteElo "1601"]
[BlackElo "1651"]
[WhiteTeam "Sachsen-Anhalt"]
[BlackTeam "Bremen & Friends"]
[PlyCount "72"]
[WhiteFideId "12993743"]
[BlackFideId "12918245"]
[EventCountry "GER"]
[EventRounds "7"]
[EventType "team-swiss"]
[EventDate "2016.09.30"]

1. e4 c6 2. d4 d5 3. Nd2 dxe4 4. Nxe4 Bf5 5. Ng3 Bg6 6. h4 h6 7. N1e2 e6 8. Nf4
Bh7 9. Bc4 Nf6 10. O-O Nd5 11. h5 Bd6 12. Bxd5 cxd5 13. Re1 O-O 14. c3 Nc6 15.
Qg4 Qf6 16. Bd2 b5 17. Re2 b4 18. Rb1 Bxb1 19. cxb4 Nxb4 20. a3 Nc6 21. Re1 Bh7
22. Nfe2 Rfc8 23. Be3 Rab8 24. b4 Ne7 25. Ra1 Rc2 26. Nf4 Nf5 27. Nxf5 Bxf5 28.
Qd1 Rbc8 29. Nd3 Bxd3 30. Qxd3 Qh4 31. g3 Bxg3 32. fxg3 Qh2+ 33. Kf1 Qh1+ 34.
Bg1 Qg2+ 35. Ke1 Qxg1+ 36. Qf1 Qe3+ 0-1

[Event "Deutsche Ländermeisterschaft 2016"]
[Site "Hannover GER"]
[Date "2016.10.02"]
[Round "3"]
[White "Caliebe, Nanke"]
[Black "Fritsch, Lea"]
[Result "1-0"]
[Termination "normal"]
[Board "8.7"]
[WhiteElo "1478"]
[BlackElo "1317"]
[WhiteTeam "Bremen & Friends"]
[BlackTeam "Sachsen-Anhalt"]
[PlyCount "71"]
[WhiteFideId "12980528"]
[BlackFideId "16212436"]
[EventCountry "GER"]
[EventRounds "7"]
[EventType "team-swiss"]
[EventDate "2016.09.30"]

1. d4 d5 2. Nf3 Nf6 3. Bf4 Nc6 4. e3 Bf5 5. Bd3 Bxd3 6. Qxd3 e6 7. Nbd2 Bd6 8.
Bxd6 Qxd6 9. O-O O-O 10. c4 e5 11. cxd5 Qxd5 12. e4 Qd6 13. d5 Ne7 14. Nc4 Qa6
15. Nfxe5 Rad8 16. Qe3 Rfe8 17. Nd2 Ng6 18. Nxg6 fxg6 19. Qb3 Nxe4 20. Nxe4
Rxe4 21. d6+ Kh8 22. dxc7 Rc8 23. Rfd1 Ree8 24. Rac1 b6 25. Qf7 Qe2 26. Qd7 Rf8
27. Qxc8 Qxf2+ 28. Kh1 Rxc8 29. Rd8+ Qf8 30. Rxf8+ Rxf8 31. c8=Q Kg8 32. Qe6+
Kh8 33. Rc8 h5 34. Rxf8+ Kh7 35. h4 a5 36. Qg8+ 1-0

[Event "Deutsche Ländermeisterschaft 2016"]
[Site "Hannover GER"]
[Date "2016.10.02"]
[Round "3"]
[White "Stowicek, Yara Mathilda"]
[Black "Bildat, Emilia"]
[Result "1/2-1/2"]
[Termination "normal"]
[Board "8.8"]
[WhiteElo "1391"]
[BlackElo "1144"]
[WhiteTeam "Sachsen-Anhalt"]
[BlackTeam "Bremen & Friends"]
[PlyCount "133"]
[WhiteFideId "16203569"]
[BlackFideId "16218140"]
[EventCountry "GER"]
[EventRounds "7"]
[EventType "team-swiss"]
[EventDate "2016.09.30"]

1. e4 e5 2. Nf3 Nc6 3. Bc4 Be7 4. c3 d6 5. d3 Nf6 6. Nbd2 O-O 7. O-O Bg4 8. Re1
Na5 9. Bb5 a6 10. Ba4 b5 11. Bc2 Nc6 12. Nf1 Qd7 13. Ng3 h6 14. Be3 Bxf3 15.
Qxf3 Qg4 16. Qxg4 Nxg4 17. Nf5 Nxe3 18. Nxe7+ Nxe7 19. Rxe3 Ng6 20. g3 c5 21.
Rd1 Rac8 22. Re2 Rfd8 23. b3 b4 24. c4 Ne7 25. Re3 Nc6 26. Rd2 Nd4 27. Bd1 Rc7
28. Bf3 a5 29. Bg2 f6 30. f4 Kf7 31. Bf3 g6 32. Rf2 Ra7 33. Bd1 Ke7 34. g4 Rg8
35. Kh1 Raa8 36. Rg2 g5 37. f5 Kd7 38. h3 Ke7 39. Rh2 Kd7 40. h4 Ke7 41. hxg5
hxg5 42. Reh3 Rg7 43. Rh7 Rag8 44. Kg2 Kf7 45. R7h5 Ke7 46. Rh8 Kf7 47. Rxg8
Rxg8 48. Rh7+ Rg7 49. Rh8 Rg8 50. Rh6 Rg7 51. Rh5 Ke7 52. Rh8 Nc6 53. Rc8 Kd7
54. Rf8 Ke7 55. Rh8 Rf7 56. Rh5 Rf8 57. Rh7+ Rf7 58. Rh6 Rf8 59. Rg6 Rf7 60.
Rh6 Rf8 61. Rh7+ Rf7 62. Rh8 Rf8 63. Rh7+ Rf7 64. Rh8 Rf8 65. Rh7+ Rf7 66. Rh8
Rf8 67. Rh7+ 1/2-1/2

[Event "Deutsche Ländermeisterschaft 2016"]
[Site "Hannover GER"]
[Date "2016.10.02"]
[Round "3"]
[White "Müller, Max"]
[Black "Ewert, Hannes"]
[Result "0-1"]
[Termination "normal"]
[Board "9.1"]
[WhiteElo "2044"]
[BlackElo "2132"]
[WhiteTeam "SG Saarland / Rheinland-Pfalz"]
[BlackTeam "Niedersachsen 2"]
[PlyCount "62"]
[WhiteFideId "12900486"]
[BlackFideId "12961574"]
[EventCountry "GER"]
[EventRounds "7"]
[EventType "team-swiss"]
[EventDate "2016.09.30"]

1. e4 c5 2. Nf3 d6 3. d4 cxd4 4. Nxd4 Nf6 5. Nc3 g6 6. Be3 Bg7 7. f3 O-O 8. Qd2
Nc6 9. Bc4 Bd7 10. O-O-O Rc8 11. Bb3 Ne5 12. h4 h5 13. Bh6 Bxh6 14. Qxh6 Rxc3
15. bxc3 Qa5 16. g4 Qxc3 17. Kb1 a5 18. a3 a4 19. Ba2 Ra8 20. gxh5 Ra6 21. Nf5
Bxf5 22. exf5 Rb6+ 23. Kc1 Qxa3+ 24. Kd2 Qxa2 25. hxg6 Nxf3+ 26. Kd3 Ne5+ 27.
Kd2 fxg6 28. fxg6 Qd5+ 29. Kc1 Nd3+ 30. cxd3 Qc5+ 31. Kd2 Rb2+ 0-1

[Event "Deutsche Ländermeisterschaft 2016"]
[Site "Hannover GER"]
[Date "2016.10.02"]
[Round "3"]
[White "Peters, Tom"]
[Black "Backens, Johannes"]
[Result "1-0"]
[Termination "normal"]
[Board "9.2"]
[WhiteElo "2065"]
[BlackElo "1934"]
[WhiteTeam "Niedersachsen 2"]
[BlackTeam "SG Saarland / Rheinland-Pfalz"]
[PlyCount "75"]
[WhiteFideId "24694444"]
[BlackFideId "12946389"]
[EventCountry "GER"]
[EventRounds "7"]
[EventType "team-swiss"]
[EventDate "2016.09.30"]

1. e4 e5 2. Bc4 Bc5 3. Nf3 Nc6 4. c3 Nf6 5. d3 d6 6. Nbd2 a6 7. Bb3 O-O 8. h3
Ba7 9. Nf1 h6 10. g4 d5 11. Qe2 dxe4 12. dxe4 Qe7 13. Ng3 Na5 14. g5 hxg5 15.
Bxg5 Nxb3 16. axb3 Qe6 17. Bxf6 Qxf6 18. O-O-O Be6 19. Rdg1 Rfd8 20. Kb1 g6 21.
Nh5 Qh8 22. Nh4 Qh6 23. Qf3 Rd6 24. Nf5 Bxf5 25. exf5 e4 26. Qg4 Bxf2 27. Rg2
e3 28. Nf4 Kh7 29. h4 Rf6 30. fxg6+ fxg6 31. h5 Qxf4 32. hxg6+ Kg8 33. Rh8+
Kxh8 34. Qh5+ Kg8 35. Qh7+ Kf8 36. g7+ Ke7 37. g8=N+ Ke6 38. Qe7+ 1-0

[Event "Deutsche Ländermeisterschaft 2016"]
[Site "Hannover GER"]
[Date "2016.10.02"]
[Round "3"]
[White "Recktenwald, Cedric"]
[Black "Stelmaszyk, Nico"]
[Result "1/2-1/2"]
[Termination "normal"]
[Board "9.3"]
[WhiteElo "1671"]
[BlackElo "1828"]
[WhiteTeam "SG Saarland / Rheinland-Pfalz"]
[BlackTeam "Niedersachsen 2"]
[PlyCount "75"]
[WhiteFideId "12971928"]
[BlackFideId "16200462"]
[EventCountry "GER"]
[EventRounds "7"]
[EventType "team-swiss"]
[EventDate "2016.09.30"]

1. e4 e5 2. Nf3 Nf6 3. d3 Nc6 4. Nbd2 Bc5 5. c3 d6 6. Be2 Be6 7. O-O O-O 8. h3
d5 9. Qc2 dxe4 10. dxe4 h6 11. Rd1 Qe7 12. Nf1 Rad8 13. Be3 Bxe3 14. Nxe3 Rxd1+
15. Rxd1 Rd8 16. Rxd8+ Qxd8 17. Bb5 Qd6 18. Bc4 Bxc4 19. Nxc4 Qc5 20. Qd3 b5
21. Ne3 a6 22. Nh4 g6 23. Nf3 Qd6 24. Qxd6 cxd6 25. Nd2 Kf8 26. f3 Ke7 27. Kf2
Ke6 28. Ndf1 Ne7 29. g3 d5 30. exd5+ Nfxd5 31. Nxd5 Nxd5 32. Nd2 f5 33. Ke2 Nb6
34. b3 Kd5 35. Kd3 Nc8 36. c4+ Kc5 37. a3 b4 38. a4 1/2-1/2

[Event "Deutsche Ländermeisterschaft 2016"]
[Site "Hannover GER"]
[Date "2016.10.02"]
[Round "3"]
[White "Pubantz, Jan"]
[Black "Tettmann, Ann-Kathrin"]
[Result "1-0"]
[Termination "normal"]
[Board "9.4"]
[WhiteElo "1795"]
[BlackElo "1789"]
[WhiteTeam "Niedersachsen 2"]
[BlackTeam "SG Saarland / Rheinland-Pfalz"]
[PlyCount "87"]
[WhiteFideId "12996114"]
[BlackFideId "12945676"]
[EventCountry "GER"]
[EventRounds "7"]
[EventType "team-swiss"]
[EventDate "2016.09.30"]

1. d4 Nf6 2. c4 e6 3. g3 Bb4+ 4. Nd2 c5 5. a3 Bxd2+ 6. Qxd2 cxd4 7. Nf3 Qc7 8.
Qxd4 Nc6 9. Qc3 d6 10. Bg2 O-O 11. O-O e5 12. b4 Rb8 13. Bb2 Bf5 14. Rfd1 Rfe8
15. Nh4 Be6 16. Rac1 b6 17. e3 Rbc8 18. Qd3 Red8 19. Nf5 Ne8 20. Bd5 Ne7 21.
Nxe7+ Qxe7 22. e4 Nc7 23. Kg2 Rb8 24. Bc6 Bc8 25. Qd2 Bb7 26. Bxb7 Rxb7 27. Rc3
Ne8 28. c5 bxc5 29. bxc5 Rdb8 30. cxd6 Nxd6 31. Qxd6 Qxd6 32. Rxd6 Rxb2 33. Rc7
g6 34. Rdd7 Rf8 35. Rxa7 Kg7 36. a4 Ra2 37. Rd5 Re8 38. Rdd7 Rf8 39. Rdc7 h6
40. a5 g5 41. a6 Kg6 42. Rc6+ f6 43. Rb7 Ra8 44. Rcc7 1-0

[Event "Deutsche Ländermeisterschaft 2016"]
[Site "Hannover GER"]
[Date "2016.10.02"]
[Round "3"]
[White "Zimmer, Luca"]
[Black "Helmer, Jan"]
[Result "0-1"]
[Termination "normal"]
[Board "9.5"]
[WhiteElo "1590"]
[BlackElo "1784"]
[WhiteTeam "SG Saarland / Rheinland-Pfalz"]
[BlackTeam "Niedersachsen 2"]
[PlyCount "100"]
[WhiteFideId "12921424"]
[BlackFideId "12956686"]
[EventCountry "GER"]
[EventRounds "7"]
[EventType "team-swiss"]
[EventDate "2016.09.30"]

1. e4 e6 2. d4 d5 3. e5 c5 4. Qg4 Nc6 5. Nf3 Qa5+ 6. c3 cxd4 7. Bd3 dxc3 8.
Nxc3 d4 9. Nxd4 Qxe5+ 10. Nde2 Nf6 11. Qa4 Bd7 12. Bf4 Qa5 13. Qxa5 Nxa5 14.
O-O-O Bc5 15. Ne4 Nxe4 16. Bxe4 Rc8 17. f3 Bb5 18. Nc3 Bb4 19. Bd2 O-O 20. Kb1
Ba6 21. a3 Bxc3 22. Bxc3 Nc4 23. Ka2 Ne3 24. Rd7 Bc4+ 25. Kb1 Bd5 26. Bxd5 Nxd5
27. Rc1 Nxc3+ 28. Rxc3 Rxc3 29. bxc3 Rb8 30. Kc2 Kf8 31. Kb3 a6 32. Kb4 b6 33.
Rd6 Ke7 34. Rd4 Rc8 35. Rc4 Rxc4+ 36. Kxc4 Kd6 37. Kd4 g6 38. f4 f6 39. g3 h6
40. h3 e5+ 41. fxe5+ fxe5+ 42. Ke4 Ke6 43. c4 h5 44. g4 hxg4 45. hxg4 b5 46.
cxb5 axb5 47. g5 Kd6 48. Ke3 Kd5 49. Kd3 e4+ 50. Ke3 Ke5 0-1

[Event "Deutsche Ländermeisterschaft 2016"]
[Site "Hannover GER"]
[Date "2016.10.02"]
[Round "3"]
[White "Möller, Hannah"]
[Black "Jeschke, Jan"]
[Result "1/2-1/2"]
[Termination "normal"]
[Board "9.6"]
[WhiteElo "1737"]
[BlackElo "1249"]
[WhiteTeam "Niedersachsen 2"]
[BlackTeam "SG Saarland / Rheinland-Pfalz"]
[PlyCount "135"]
[WhiteFideId "1270514"]
[BlackFideId "16225430"]
[EventCountry "GER"]
[EventRounds "7"]
[EventType "team-swiss"]
[EventDate "2016.09.30"]

1. Nf3 d5 2. g3 Nf6 3. Bg2 Bf5 4. O-O e6 5. c4 c6 6. d3 Bc5 7. a3 a5 8. b3 Nbd7
9. Bb2 O-O 10. Nc3 Qe7 11. d4 Ba7 12. Nh4 Bg6 13. Nxg6 hxg6 14. e4 dxe4 15.
Nxe4 Nxe4 16. Bxe4 Nf6 17. Bg2 Rfd8 18. Qd2 e5 19. Rfe1 Qd6 20. d5 Ng4 21. Re2
f6 22. Bc3 cxd5 23. Qxd5+ Kh7 24. Qxd6 Rxd6 25. Bxb7 Rb8 26. Bd5 Rxb3 27. Bxa5
Ra6 28. Bd8 Rbxa3 29. Rxa3 Rxa3 30. Be7 Rc3 31. Ra2 Bd4 32. Be6 Nxf2 33. Kg2
Ne4 34. Bd5 Bc5 35. Re2 Nxg3 36. hxg3 Bxe7 37. Kf1 Rc1+ 38. Kg2 g5 39. g4 g6
40. Rb2 Bf8 41. Rb7+ Kh6 42. Rf7 Bg7 43. Be6 e4 44. Kf2 Rc3 45. Rc7 f5 46. gxf5
Bd4+ 47. Ke2 Rc2+ 48. Kd1 Rg2 49. Re7 e3 50. Bd5 Rd2+ 51. Ke1 Bc3 52. Rxe3
Rxd5+ 53. Rxc3 Re5+ 54. Kf2 gxf5 55. c5 Re7 56. c6 Rc7 57. Rc5 g4 58. Rxf5 Rxc6
59. Kg3 Rg6 60. Rc5 Rg5 61. Rxg5 Kxg5 62. Kg2 Kf4 63. Kf2 Kf5 64. Kg3 Kg5 65.
Kg2 Kh4 66. Kh2 g3+ 67. Kg2 Kg4 68. Kg1 1/2-1/2

[Event "Deutsche Ländermeisterschaft 2016"]
[Site "Hannover GER"]
[Date "2016.10.02"]
[Round "3"]
[White "Fuchs, Emily"]
[Black "Abele, Anais"]
[Result "0-1"]
[Termination "normal"]
[Board "9.7"]
[WhiteElo "1258"]
[BlackElo "1611"]
[WhiteTeam "SG Saarland / Rheinland-Pfalz"]
[BlackTeam "Niedersachsen 2"]
[PlyCount "116"]
[WhiteFideId "16208986"]
[BlackFideId "16208927"]
[EventCountry "GER"]
[EventRounds "7"]
[EventType "team-swiss"]
[EventDate "2016.09.30"]

1. e4 c5 2. d4 cxd4 3. c3 dxc3 4. Nxc3 Nc6 5. Nf3 d6 6. Bc4 a6 7. Bf4 Nf6 8.
Ng5 e6 9. Qd2 h6 10. Nf3 b5 11. Bb3 b4 12. Ne2 Nxe4 13. Qc2 Nc5 14. O-O Bb7 15.
Rad1 Be7 16. Ned4 Nxd4 17. Rxd4 Qb6 18. Ba4+ Kf8 19. Be3 Rc8 20. Rf4 e5 21. Rg4
h5 22. Rg3 Bd5 23. Rd1 h4 24. Rxd5 hxg3 25. hxg3 Qb7 26. Rd1 Nxa4 27. Qxa4 Qb5
28. Qxb5 axb5 29. Ng5 Bxg5 30. Bxg5 f6 31. Bd2 Rc4 32. a3 bxa3 33. bxa3 Rd4 34.
Rc1 Ke7 35. Be3 Rc4 36. Rb1 Rb8 37. Bd2 Rc2 38. Bb4 Re2 39. a4 Kd7 40. Kf1 Rc2
41. Ra1 Rh8 42. Kg1 bxa4 43. Ba3 Kc6 44. g4 Rb8 45. Rd1 d5 46. Be7 Rbb2 47. Ba3
Ra2 48. Rd3 d4 49. Bf8 Rxf2 50. Bxg7 Rxg2+ 51. Kf1 Rad2 52. Rxd2 Rxd2 53. Bf8
e4 54. Ke1 e3 55. Ba3 Kb5 56. Bc1 Ra2 57. Kd1 a3 58. Ke1 Ra1 0-1

[Event "Deutsche Ländermeisterschaft 2016"]
[Site "Hannover GER"]
[Date "2016.10.02"]
[Round "3"]
[White "Meijerink, Inken"]
[Black "Huppert, Anna"]
[Result "1-0"]
[Termination "normal"]
[Board "9.8"]
[WhiteElo "1427"]
[BlackElo "1066"]
[WhiteTeam "Niedersachsen 2"]
[BlackTeam "SG Saarland / Rheinland-Pfalz"]
[PlyCount "119"]
[WhiteFideId "16225465"]
[BlackFideId "16214439"]
[EventCountry "GER"]
[EventRounds "7"]
[EventType "team-swiss"]
[EventDate "2016.09.30"]

1. e4 e6 2. d4 d5 3. Nd2 Nf6 4. e5 Nfd7 5. Bd3 c5 6. c3 Nc6 7. Ne2 cxd4 8. cxd4
f6 9. exf6 Nxf6 10. Nf3 Bd6 11. a3 Qc7 12. O-O O-O 13. Ng3 e5 14. dxe5 Nxe5 15.
Nxe5 Bxe5 16. Bc2 Bd7 17. Rb1 Rae8 18. Bg5 Ng4 19. Qxd5+ Be6 20. Qd3 g6 21. Qd2
Bf4 22. Bxf4 Rxf4 23. Rbc1 Qb6 24. Qxf4 Rf8 25. Qd2 Bc4 26. Ne2 Nxf2 27. Nd4
Bxf1 28. Rxf1 Ng4 29. Rxf8+ Kxf8 30. Qb4+ Qxb4 31. axb4 Ne3 32. Be4 b6 33. Nc6
a6 34. Bd3 a5 35. bxa5 bxa5 36. Nxa5 Nd5 37. Nc6 Ke8 38. b4 Kd7 39. b5 Kc7 40.
g3 Kb6 41. Kg2 Ne3+ 42. Kf3 Nd1 43. Kf4 Nb2 44. Bf1 Na4 45. Kg5 Nc3 46. Kh6
Nxb5 47. Bxb5 Kxb5 48. Ne5 Kc5 49. Kxh7 Kd5 50. Nxg6 Ke4 51. h4 Kf5 52. Kg7 Kg4
53. Nf4 Kxg3 54. h5 Kxf4 55. h6 Kf5 56. h7 Ke6 57. h8=Q Kd5 58. Qe8 Kd4 59. Qe6
Kd3 60. Qg4 1-0